000 00849nam a2200217Ii 4500
003 JO-AjNU
008 230605s9999||||xx |||||||||||||| ||und||
020 _a978-1-56564-616-2
040 _aJO-AjNU
_bara
_erda
_cJO-AjNU
041 _aara
050 1 4 _aHM585. D43 2014
100 3 _aتأليف الذوادي، محمود,
_eauthor
_952301
245 0 0 _aمختصر الجدال حول النظرية الاجتماعية اليوم
250 _aط1
264 3 1 _aفرجينيا: المعهد العالمي الاسلامي، 2014
300 _a101ص
336 _atext
_btxt
_2rdacontent
337 _aunmediated
_bn
_2rdamedia
338 _avolume
_bnc
_2rdacarrier
650 4 _aالنظرية الاجتماعية - علم الاجتماع - الفكر العالمي - النظريات والمفاهيم السوسيولوجية
_952302
999 _aA23160
_c26728
_d26728